000
00307nam a22001337a 4500
020
_a
978-81-8133-466-4
082
_a
823
_b
ANI/V
100
_a
ANILKUMAR
245
_a
VIKRAM BETAL STORIES
260
_a
DELHI
_b
MANOJ PUBLICATIONS
_c
2012
300
_a
148
650
_a
ENGLISH SHORT STORY
_z
DELHI
942
_c
BK
999
_c
3105
_d
3105